[Event "ARM-ROW m"]
[Site "Moscow"]
[Date "2004.06.10"]
[Round "1"]
[White "Bacrot, Etienne"]
[Black "Vaganian, Rafael A"]
[Result "1/2-1/2"]
[WhiteElo "2675"]
[BlackElo "2639"]
[Annotator "Psakhis,L"]
[PlyCount "67"]
[EventDate "2004.06.10"]
[EventType "team"]
[EventRounds "6"]
[EventCountry "RUS"]
[SourceTitle "CBM 102"]
[Source "ChessBase"]
[SourceDate "2004.09.23"]
[SourceVersion "1"]
[SourceVersionDate "2004.09.23"]
[SourceQuality "1"]
[WhiteTeam "Rest of the World"]
[BlackTeam "Armenia"]
[BlackTeamCountry "ARM"]

1. e4 e6 2. d4 d5 3. Nc3 Bb4 4. e5 c5 5. a3 Ba5 6. b4 cxd4 7. Nb5 (7. Qg4 Ne7
8. bxa5 dxc3 9. Qxg7 Rg8 10. Qxh7 $132) 7... Bc7 8. f4 Bd7 9. Nxc7+ Qxc7 10.
Nf3 Nh6 11. Bd3 a6 (11... Nf5 12. Bb2 a6 13. a4 Nc6 14. Qd2 Qb6 15. b5 axb5 16.
axb5 Rxa1+ 17. Bxa1 Qa5 18. Ke2 Qxd2+ 19. Kxd2 Na5 20. Nxd4 Nxd4 21. Bxd4 Nc4+
22. Bxc4 dxc4 23. Rb1 $36 {1-0 Sedlak,N-Hindermann,F/EU t-ch B18 Balatonlelle
2000/ (32)}) 12. Bb2 (12. O-O O-O 13. Ng5 g6 14. Qe1 Kg7 15. Qh4 Rh8 16. f5
Nxf5 17. Bxf5 h6 18. Nxe6+ Bxe6 19. Qf6+ Kh7 20. Bxe6 fxe6 21. Qxe6 Kg7 22. Rf6
Nc6 23. Rxg6+ Kf8 24. Rf6+ Kg7 25. Qg4+ {1-0 Grewal,B-Rendle,T/Millfield
School Specsavers YM 2004/ (25)}) (12. a4 Nc6 13. Qd2 f6 $5 14. exf6 gxf6 15.
Bb2 Nf7 16. O-O O-O 17. b5 axb5 18. axb5 Rxa1 19. Bxa1 Ne7 20. Qb4 Nd6 21. b6
$36 {1/2-1/2 Jonsson,B-Kindermann,S/Reykjavik op 1998/CBM 64 (48)}) 12... Bb5
$146 {According to my database, this position appeared for the first time} (
12... Nc6 13. Nxd4 Qb6 14. c3 Rc8 15. g4 Nxd4 16. cxd4 Bb5 17. h3 Bxd3 18. Qxd3
Qb5 19. Kd2 Kd7 20. Rhc1 f5 21. Qxb5+ axb5 22. g5 Rxc1 23. Rxc1 Ng8 24. Rc5 b6
25. Rc3 Ne7 $11 {Frick,R-Hug,W/Bern zt 1990/1/2-1/2 (76)}) (12... Ba4 13. Bxd4
Bb5 14. O-O Nf5 15. Bf2 h5 16. Ng5 Bxd3 17. cxd3 Nc6 18. Rc1 Qd8 19. Re1 Rc8
20. Bc5 Ncd4 21. h3 b6 22. Bxd4 Nxd4 23. Rxc8 Qxc8 24. Qa1 $1 $36 {Ponomariov,
R-Vaganian,R/WchT Yerevan 2001/CBM 86/[Psakhis]/1-0 (57)}) 13. Bxb5+ axb5 14.
Nxd4 O-O $5 {Interesting pawn sacrifice, but after} (14... Qc4 15. Qd3 $1 {
[%csl Rb5] Black also can't keep material balance}) 15. Nxb5 Qb6 {The future
of this variation depends upon the evaluation of this position.} 16. Nd4 ({
Worth considering} 16. Nd6 $5 {for example:} Qe3+ (16... Nc6 17. b5 Nf5 18.
bxc6 Qxb2 19. Nxf5 (19. cxb7 Qc3+ $36) 19... exf5 20. cxb7 Qxb7 21. O-O Ra4 $14
) (16... Nf5 17. Nxf5 exf5 18. Qd4 Qxd4 19. Bxd4 Rc8 20. Kd2 Nc6 {[%cal Gc6d8,
Gd8e6]}) 17. Qe2 Qxf4 18. Nxb7 Nf5 19. g3 $14) 16... Rc8 17. g4 {[%csl Rh6]} (
17. Qd3 Rc4 $44) (17. O-O Nf5 {[%cal Gf5e3]} 18. Qd3 Rc4 $44) 17... Rc4 {
Surely, that Black has some compensation for the pawn , but is it enough?} 18.
O-O (18. h3 Nc6 19. Ne2 Qa7 20. Qd2 b5 $44) 18... Nc6 19. c3 Rc8 20. Rf2 Nxd4
21. cxd4 Qd8 $5 {[%cal Gb7b5,Gf7f5]} 22. h3 (22. Rg2 Qh4 23. Qf3 Rc2) 22... f5
$5 23. exf6 (23. g5 Nf7 {[%csl Rb2]}) 23... Qxf6 24. Qe2 {[%csl Re6]} (24. g5
$2 Qg6 {[%cal Gh6f5]}) 24... b5 25. Re1 R8c6 26. f5 $5 {After this move there
is no doubt of White's advantage.} Rc2 $5 27. Qxc2 (27. Qxb5 Qh4 (27... Rxf2
28. Kxf2 Qh4+ 29. Ke2) 28. Qf1 $8 Rxf2 29. Qxf2 Qxh3 30. fxe6 Rxe6 31. Rxe6
Qxg4+ 32. Kf1 Qxe6 $132 {[%csl Ga3,Gb4][%cal Gh6g4]}) 27... Rxc2 28. Rxc2 exf5
29. Bc1 ({I think that White rightly avoided the line} 29. Re8+ Kf7 30. Re5 Qh4
31. Rc3 (31. Rc7+ Kf8) 31... g6 $5 $13 (31... fxg4 32. Bc1 gxh3 33. Rf3+ Kg6
34. Rg5+ Qxg5+ 35. Bxg5 Kxg5 36. a4 $18)) 29... fxg4 ({Maybe Black should have
preferred} 29... Qxd4+ 30. Kh2) 30. Rf2 $2 {[%mdl 8192] Bacrot is trying to
complicate the struggle although he could simplify it.} (30. Re8+ $1 Kf7 31.
Rf2 Qxf2+ (31... Nf5 32. Re5 g6 33. hxg4 $18) 32. Kxf2 Kxe8 33. Bxh6 gxh6 34.
hxg4 Kf7 35. Ke3 Kf6 36. Kd3 {[%cal Gd3b3] and looks, that White must win this
endgame}) 30... Qg6 $11 31. Bxh6 gxh6 32. hxg4 Qd3 {[%csl Gd3]} 33. Re8+ Kg7
34. Re7+ 1/2-1/2

[Event "Olympiad-36"]
[Site "Mallorca"]
[Date "2004.10.24"]
[Round "9"]
[White "Volokitin, Andrei"]
[Black "Lputian, Smbat G"]
[Result "1-0"]
[WhiteElo "2652"]
[BlackElo "2634"]
[Annotator "Psakhis,L"]
[PlyCount "80"]
[EventDate "2004.10.15"]
[EventType "team-swiss"]
[EventRounds "14"]
[EventCountry "ESP"]
[SourceTitle "CBM 104"]
[Source "ChessBase"]
[SourceDate "2005.01.27"]
[SourceVersion "1"]
[SourceVersionDate "2005.01.27"]
[SourceQuality "1"]
[WhiteTeam "Ukraine"]
[BlackTeam "Armenia"]
[WhiteTeamCountry "UKR"]
[BlackTeamCountry "ARM"]

1. e4 e6 2. d4 d5 3. Nc3 Bb4 4. e5 c5 5. a3 Ba5 6. b4 cxd4 7. Qg4 (7. Nb5 {
is more popular recently.}) 7... Ne7 8. bxa5 dxc3 9. Qxg7 Rg8 10. Qxh7 Nbc6 11.
Nf3 Qc7 12. Bf4 (12. Bb5 Bd7 13. O-O O-O-O (13... Nxe5 14. Bxd7+ Kxd7 15. Nxe5+
Qxe5 16. Qd3 Rac8 17. Rb1 Rc7 18. Be3 Nc6 19. Rb3 Kc8 20. a6 b6 21. Rd1 Na5 22.
Rb5 Nc4 23. Bd4 Qg5 24. Qf3 Nxa3 25. Rb3 Nxc2 26. Bxc3 Qg4 27. Be5 Rc4 {
0-1 Aguilar,A-Whatley,A/Buenos Aires American Continental 2003/CBM 97/[Hecht] 
(73)}) 14. Bxc6 Bxc6 15. Qxf7 Rdf8 16. Qxe6+ Bd7 17. Qxe7 Rxg2+ 18. Kxg2 Bh3+
19. Kxh3 Qxe7 20. Kg2 Qh7 21. Ng5 Qxc2 22. Be3 Rg8 23. h4 Qe4+ 24. Kg3 d4 25.
Rac1 Qxe5+ {0-1 Meslem,L-Van der Heijden,A/corr 1991/ChessBase (54)}) 12... Bd7
13. a6 $5 ({White is doing well after} 13. Bd3 $5 O-O-O 14. Bg3 Qxa5 15. O-O
Rh8 16. Qg7 d4 17. Qg4 Nf5 18. Rfe1 (18. Rfb1 Nxg3 19. Qxg3 Qc7 20. Kf1 Rhg8
21. Qf4 f5 $1 $15 {0-1 Polgar,J-Khalifman,A/Hoogeveen Essent 2000/CBM 80 (37)})
18... Qc7 19. Qf4 Nxg3 20. fxg3 $5 Kb8 21. h4 Bc8 22. Kh2 $14 {1-0 Jakovenko,
D-Werle,J/Wch B18 Oropesa del Mar 2001/ (64)}) 13... O-O-O {Although this
reply has proved quite popular, I remain suspicious about its value.} (13... b6
$5 {worth considering}) 14. axb7+ (14. Bd3 f5 $5 {gives enough counterplay for
Black, for example} 15. exf6 Qxf4 16. fxe7 Rde8 17. Bg6 Ne5 18. Bxe8 Rxg2 $1
19. Bxd7+ Kc7 20. e8=N+ Kb8 21. Kf1 Rxf2+ 22. Kxf2 Qxf3+ $11 {1/2-1/2 Dolmatov,
S-Ivanov,S/Russia 1995/Inf 65/ (25)}) 14... Kb8 (14... Qxb7 $6 $146 {New and
not strong move, but after} 15. Qd3 Qb2 16. Qd1 $1 {[%csl Rb2,Rc8] Maybe White
has some problems with development, but Black monarch is too weak.} Kc7 17. Bd3
Rg4 ({After} 17... Rxg2 18. Bg3 {[%csl Rg2] the Rook is trapped.}) 18. Bg3 Ra4
{Greedy move!} (18... Nf5 $5 {was stronger, with possible continuation} 19. Rb1
$140 Qxa3 20. Bxf5 exf5 21. e6+ f4 $132) 19. O-O Rxa3 20. Rb1 Qa2 21. Qe2 {
1-0 Bryson,D-Wagener,C/EU t-ch m Leon 2001/CBM 86/[Psakhis] (33)} (21. Ng5 $5 {
[%csl Rf7][%cal Gd1h5] worth considering})) 15. Qd3 Rg4 (15... Ng6 16. Bg3
Ncxe5 17. Nxe5 Nxe5 18. Qd4 $16 f6 19. Rb1 Rg7 20. Rb3 Qd6 21. Rxc3 Bc6 22. Be2
$16 {1-0 Matulovic,M-Osmanagic,D/Sarajevo 1965 (27)}) (15... d4 16. Rb1 Rg4 17.
Bg3 Nf5 18. Be2 Na5 19. O-O Bc6 20. Rb4 Bd5 21. Rfb1 Be4 22. Qd1 Nc6 23. Rb5 d3
24. cxd3 Ncd4 25. Ne1 Rxg3 26. hxg3 Nxb5 27. Rxb5 Nd4 28. Rb4) 16. g3 (16. Be3
Nf5 17. Bc5 Re4+ 18. Kd1 (18. Be2 Qa5 $44) 18... Rc4 19. Qxf5 Rxc5 20. Qxf7 d4
{0-1 Ricardi,P-Forster,R/Elista ol 1998 (34)'}) 16... Ng6 17. Qxc3 Nxf4 18. h3
$3 {Great idea putting Black's variation in doubt.} (18. gxf4 $2 Rxf4 $36)
18... Nxh3 (18... d4 19. Qc5) 19. Rxh3 Nxe5 $146 (19... Ra4 20. Be2 d4 21. Qc5
Ra5 22. Qd6 $16 {Ruch-Barnsley, ICCF Email 2000}) (19... Re4+ 20. Kd1 (20. Kd2
$143 Qb6 21. Rh2 d4 $132) (20. Be2 Be8 21. Rb1 Nxe5 22. Qxc7+ Kxc7 23. Nxe5
Rxe5 24. b8=Q+ $1 {1-0 Pletanek,D-Kohout,V/corr 1998/})) (19... d4 20. Qc5 Nxe5
21. Qxc7+ (21. Qxe5 Re4+ $5 22. Qxe4 Qc3+ 23. Kd1 Qxa1+ 24. Kd2 Qc3+ $11 25.
Ke2 $6 Bb5+) 21... Kxc7 22. Nxe5 Re4+ 23. Kd2 Rxe5 24. Bg2 $16) 20. Qxc7+ Kxc7
21. Nxe5 Re4+ 22. Kd2 Rxe5 23. Bd3 $1 {[%cal Cc7b7,Rf2f4] Despite numerous
exchanges, White has maintained an edge.} Rg5 (23... Kxb7 24. f4 $18) (23... d4
24. Rb1 Rb8 25. Rh7 Be8 26. Bg6 $5 (26. Rb4 Rxb7 27. Rxd4 $18) 26... Rxb7 27.
Rxb7+ Kxb7 28. Bxf7 Bxf7 29. Rxf7+ Kb6 30. Kd3 $18) 24. Rh7 $1 Be8 (24... Kxb7
$5 25. Rxf7) 25. Re1 $1 {[%cal Cc7b7,Re1e6] A wonderful resource!} e5 (25...
Kxb7 26. Rxe6 $1 $18) (25... Kb8 26. Rh8 Kxb7 27. Bb5 Bxb5 28. Rxd8 $18) 26. f4
$1 (26. Rh8 e4 {[%cal Gg5e5]}) 26... exf4 27. Rh8 (27. gxf4 $5 Rg8 (27... Rg2+
28. Kc3 Kxb7 29. Re7+ Kb6 30. Kd4 {[%cal Rh7h8]} (30. Rh8 Rc8+ 31. Kd4 Bd7 32.
Rxc8 Bxc8 33. Rxf7 $18) 30... Rg8 31. Rh6+ Bc6 32. Rxf7 $18 {[%csl Gd4,Gf7,Gh6]
}) 28. Re7+ (28. Ba6 Rg2+ 29. Kc1 Kb6) 28... Kd6 29. b8=Q+ Rxb8 30. Rxa7 $18 {
[%csl Ga3]}) 27... fxg3 (27... Rxg3 28. Rexe8 Rxe8 29. Rxe8 Kxb7 30. Re7+ Kc6
31. Rxf7) 28. Ba6 $1 g2 ({There wasn't a rescue in} 28... Bc6 29. Re7+ (29.
Rxd8 $2 Bxb7 $1) 29... Kb6 30. Rxd8 Bxb7 31. Bxb7 d4 32. Rd6+ Kc5 33. Rc6+ Kb5
34. Re1 $18) 29. Rhxe8 Rg8 (29... g1=Q 30. Rxg1 Rxe8 31. Rxg5) 30. Rxd8 Rxd8
31. Rg1 {White's positional and material advantage is decisive.} Rg8 32. Ke2
$18 Kb6 33. Bd3 Kxb7 34. Kf3 Kb6 35. Rxg2 (35. a4 $5 Ka5 36. Bb5 Kb4 37. Rxg2
Rxg2 38. Kxg2 Kc3 39. Bd3 Kb4) 35... Rxg2 36. Kxg2 Ka5 37. Kf3 Ka4 38. Ke3 Kxa3
39. Kd4 Kb4 (39... a5 40. Kxd5 Kb2 41. c4 a4 42. c5 a3 43. Bc4) 40. Kxd5 f5 (
40... Kc3 41. Kc5 f6 42. Kb5 Kd4 43. Ka6) (40... f5 41. c4 a5 42. c5 a4 43. c6
a3 44. Bc4) 1-0

[Event "Olympiad-36"]
[Site "Mallorca"]
[Date "2004.10.16"]
[Round "2"]
[White "Anand, Viswanathan"]
[Black "Ramirez Alvarez, Alejandro"]
[Result "1-0"]
[WhiteElo "2781"]
[BlackElo "2519"]
[Annotator "Psakhis,L"]
[PlyCount "75"]
[EventDate "2004.10.15"]
[EventType "team-swiss"]
[EventRounds "14"]
[EventCountry "ESP"]
[SourceTitle "CBM 104"]
[Source "ChessBase"]
[SourceDate "2005.01.27"]
[SourceVersion "1"]
[SourceVersionDate "2005.01.27"]
[SourceQuality "1"]
[WhiteTeam "India"]
[BlackTeam "Costa Rica"]
[WhiteTeamCountry "IND"]
[BlackTeamCountry "CRI"]

1. e4 e6 2. d4 d5 3. Nc3 Bb4 4. e5 c5 5. a3 Bxc3+ 6. bxc3 Ne7 7. Qg4 O-O 8. Bd3
Nbc6 9. Qh5 Ng6 10. Nf3 Qc7 11. Be3 c4 ({Sometimes Black tried also} 11... Nce7
{with possible continuation} 12. h4 $5 Bd7 13. Qg4 f5 14. Qh3 f4 15. Bd2 Nf5
16. O-O c4 17. Be2 Ba4 18. Ra2 {[%csl Rf4] 1-0 Nataf,I-Pelletier,Y/Cap d'Agde
Gp B 2002/ (85)}) 12. Bxg6 fxg6 13. Qg4 Bd7 (13... Qf7 14. Ng5 Qe8 15. h4 h6
16. Nh3 Ne7 17. Qe2 a5 $146 ({An improvement in comparison with} 17... Bd7 18.
g4 b5 19. h5 a5 20. g5 $1 Rf5 21. gxh6 Rxh5 22. Kd2 gxh6 23. Rag1 $36 {(Lutz,
C-Jussupow,A /Essen-A  2002 /CBM 90/[Psakhis] (41)) with strong attack for
White.}) 18. g4 b5 19. h5 gxh5 ({It is too dangerous for Black to continue} 
19... g5 20. f4 $1 gxf4 21. Nxf4 Bd7 22. Rg1 {[%csl Rg8][%cal Rg4g5]}) 20. g5
$5 {Typical move} (20. gxh5 $13 {also worth considering}) 20... hxg5 $8 21.
Nxg5 g6 {1/2-1/2 Stellwagen,D-Dgebuadze,A/Groningen Harmonie 2002/CBM 93/
[Psakhis] (35)}) 14. h4 Rf5 15. Qh3 $5 ({White employed a similiar plan in the
game Bacrot,E-Apicella,M/FRA t-ch final 2004} 15. Ng1 $5 Qa5 16. Ne2 Raf8 17.
Kd2 Ne7 18. Ng3 Rxf2+ 19. Bxf2 Rxf2+ 20. Ne2 Nf5 21. Raf1 Rxf1 22. Rxf1 Qxa3
23. Qg5 Be8 24. Nf4 $36 {Bacrot,E-Apicella,M/FRA t-ch final 2004/1-0 (52)}) (
15. h5 gxh5 16. Rxh5 Raf8 17. Rh3 (17. Kd2 Be8 18. Rxf5 exf5 19. Qg3 Nd8 20.
Ng5 Bg6 21. Rh1 Qc6 22. Qh4 f4 23. Nxh7 Qa4 (23... fxe3+ $5 24. Kxe3 Re8 (24...
Bxh7 25. Qxh7+ Kf7 $13) 25. Ng5 $140 Nf7) 24. Nxf8 Qxc2+ 25. Ke1 Qb1+ (25...
fxe3 26. fxe3 Bd3 27. Qh8+ Kf7 28. Rf1+ Bxf1 29. Kxf1 Qxc3 30. e6+ Nxe6 31.
Nxe6 $11) 26. Ke2 Qd3+ 27. Kf3 Qe4+ 28. Ke2 Qd3+ {1/2-1/2 Carlsen,M-Ostenstad,
B/NOR-ch playoff Oslo 2004}) 17... Qa5 18. Kd2 Be8 19. Ng5 Rxg5 20. Qxg5 Bg6
21. Rhh1 Qa4 22. Ra2 Rf5 23. Qg4 Na5 24. Qd1 b6 25. Qb1 Qd7 $44 {1-0
Goloshchapov,A-Dgebuadze,A/Le Touquet op 2004/ (61)}) 15... Raf8 $146 (15...
Qa5 16. Kd2 Raf8 17. Ng5 h6 18. f4 Rxf4 19. Bxf4 Rxf4 20. Nf3 Nxd4 21. Nxd4
Rxd4+ 22. Kc1 Rd3 23. cxd3 Qxc3+ 24. Kb1 Qb3+ 25. Kc1 c3 26. Rb1 Qxa3+ 27. Kd1
Qa2 {0-1 Agopov,M-O'Connor,J/ECC t-ch Izmir 2004/The Week in Chess 518}) 16.
Ng1 $5 {[%cal Ge2g3,Gg1e2]} Qa5 (16... Qb6 17. Ne2 Qb2 18. Kd2 {[%csl Rb2]})
17. Ne2 Qa4 18. Kd2 Rxf2 $5 (18... b5 19. f3 {[%cal Ge2g3,Gh4h5]}) 19. Bxf2
Rxf2 20. h5 $1 {Refuting his opponent's strategy in the most energetic way.} (
20. Qe3 $5 Rf8 21. Nf4 $16 {looks also great for White.}) 20... Rxe2+ (20...
gxh5 21. Qxh5 h6 22. Raf1 Rxf1 23. Rxf1 Nd8 $8 24. Qh4 Nf7 (24... Nc6 25. Qf4
$1 $18) 25. Qe7 Be8 26. Nf4 $18 {[%csl Re6]}) (20... Be8 21. Qxe6+ $18) ({
Possibly Black should have preferred} 20... h6 $5 {[%cal Gg6g5]} 21. hxg6 Ne7)
21. Kxe2 Qxc2+ 22. Kf1 gxh5 (22... Qb2 23. Re1) 23. Kg1 $1 {[%csl Gg1][%cal
Oh3h5,Ga1f1]} Qg6 (23... Ne7 24. Rf1 Qg6 (24... Nf5 25. g4 $1) 25. Qxh5) 24.
Qxh5 Qxh5 25. Rxh5 Ne7 26. Rh3 {White has big material advantage and only
needs to find a plan of breaking through.} Be8 27. Rf3 Ng6 (27... Bh5 28. Rf2
Nf5 29. Rb2 b6 30. a4 $18) 28. a4 $1 b6 (28... a5 29. Rf2 Bc6 30. g3 Ne7 31.
Rb2 Kf7 32. Rab1 $18 {[%cal Cc6a4,Gb2b7]}) 29. Rf2 {[%cal Ga4a5,Ga5a6]} a6 (
29... h6 30. a5 b5 31. a6 $18) 30. g3 {[%csl Gf4]} h5 $6 ({Black could have
offered a tougher resistance after} 30... Nf8 $142 $5 31. Rb2 Nd7 {but in any
case White is winning already.}) 31. Rb2 b5 32. axb5 Bxb5 (32... axb5 33. Rf2
$1 Bc6 34. Ra7 {[%cal Ra7c7]}) 33. Rh2 $1 $18 h4 34. gxh4 Ne7 35. Kf2 Nf5 36.
Kf3 Kh7 37. h5 Kh6 38. Kf4 {[%cal Ga1g1,Gg1g5] To be honest, I just don't know
when Black made a mistake. Maybe, the hole variation is bad!?} 1-0

[Event "Olympiad-36"]
[Site "Mallorca"]
[Date "2004.10.17"]
[Round "3"]
[White "Kulaots, Kaido"]
[Black "Vaganian, Rafael A"]
[Result "0-1"]
[WhiteElo "2597"]
[BlackElo "2640"]
[Annotator "Psakhis,L"]
[PlyCount "50"]
[EventDate "2004.10.15"]
[EventType "team-swiss"]
[EventRounds "14"]
[EventCountry "ESP"]
[SourceTitle "CBM 104"]
[Source "ChessBase"]
[SourceDate "2005.01.27"]
[SourceVersion "1"]
[SourceVersionDate "2005.01.27"]
[SourceQuality "1"]
[WhiteTeam "Estonia"]
[BlackTeam "Armenia"]
[WhiteTeamCountry "EST"]
[BlackTeamCountry "ARM"]

1. e4 e6 2. d4 d5 3. Nc3 Bb4 4. e5 c5 5. a3 Ba5 6. b4 cxd4 7. Qg4 (7. Nb5 $5)
7... Ne7 8. bxa5 dxc3 9. Qxg7 Rg8 10. Qxh7 Nbc6 11. f4 (11. Nf3 $5 Qc7 12. Bf4
Bd7 13. a6 $5 O-O-O 14. axb7+ Qxb7 15. Qd3 Qb2 16. Qd1 Kc7 17. Bd3 Rg4 18. Bg3
Ra4 19. O-O Rxa3 20. Rb1 $16 {1-0 Bryson,D-Wagener,C/EU t-ch m Leon 2001/CBM
86 (34)}) 11... Qxa5 12. Nf3 (12. Rb1 $5 Nd4 13. Qd3 Nef5 14. Nf3 Nxf3+ 15.
Qxf3 Bd7 16. Rxb7 Bc6 17. Rb4 Qc5 18. Qf2 d4 19. Rg1 a5 20. Rb1 O-O-O 21. Bd3
Kc7 $132 {1/2-1/2 Borriss,M-Vaganian,R/BL 0001 2001 (60)}) 12... Bd7 13. Rb1 {
This line became very popular after the game Anand-Khalifman, Linares 2000.} ({
Black gets strong initiative after} 13. Ng5 O-O-O $1 (13... Rf8 14. Rb1 O-O-O
15. Nxf7 Rxf7 16. Qxf7 Be8 17. Qxe6+ Bd7 18. Qf6 Bf5 19. e6 d4 20. Bd3 Bxd3 21.
cxd3 Qa4 22. O-O Qc2 23. Rb5 $18 {1-0 Ernst,T-Gunnarson,A/Reykjavik op 1994/
ChessBase (33)}) 14. Nxf7 Nf5 15. Nxd8 Qxd8 16. Qh3 Ncd4 17. Qxc3+ Kb8 18. g3
Qb6 19. Bd3 Rc8 $44 {0-1 Van der Weide,K-Werle,J/Groningen SON-ON 2001/
ChessBase (24)}) 13... O-O-O 14. Qd3 d4 (14... Nf5 15. Rg1 $1 Rh8 (15... d4 16.
g4 Nfe7 17. Rg3 $1 Be8 18. h4 Nf5 19. Rg1 Ne3 20. Bxe3 dxe3 21. Qxe3 Ne7 22.
Bc4 $14 {Anand,V-Khalifman,A/Linares 2000/ 1-0 (42) White managed to keep some
advantage.}) 16. g4 Nh4 17. Nxh4 Rxh4 18. h3 $14) 15. g3 Kb8 (15... Qd5 16. Bg2
Qa2 17. Rb5 a6 18. Rc5 Kb8 19. O-O Na7 20. Nxd4 Bb5 21. Qe4 Nd5 22. Nxb5 axb5
23. f5 Qa1 24. Qe2 Qa2 25. fxe6 fxe6 26. Rd1 Ne7 27. Rxc3 Rc8 28. Rxc8+ Rxc8
29. Qf3 Rc7 30. Qb3 {Grischuk,A-Vaganian,R/ECC t-ch Izmir 2004/ 1-0 (42)}) (
15... Nf5 16. Be2 (16. Bg2 Qc7 17. O-O Nce7 $1 (17... Na5 $6 18. Bh3 Nc6 $6 (
18... Bc6 19. Bxf5 exf5 20. Nxd4 Be4 21. Qe3 a6 22. Rb4 $5 $14) 19. a4 $1 Nce7
20. Ng5 $16 {1-0 Shirov,A-Romero Holmes,A/Espana 73/332 1998/ (40)}) 18. Ng5 (
18. Nxd4 $2 Bc6 19. Nxc6 Rxd3 $17) 18... Bc6 19. Nxf7 Bxg2 20. Kxg2 Rd5 $44)
16... Nce7 17. Ng5 Bc6 18. Rg1 Rxg5 19. fxg5 Ng6 20. Bf4 Nxe5 21. Bxe5 Qxe5 22.
Kf2 Rh8 23. h4 Rxh4 24. Rg2 Qe3+ 25. Qxe3 dxe3+ 26. Kf1 Rh1+ {0-1 Pflug,
M-Heika,M/Bad Woerishofen op 2004/PG}) 16. Bg2 $146 {This move appears to be a
novelty, but I doubt whether it is better than 16.Be2 which was previously
tried in this position.} (16. Be2 $142 $5 Ka8 17. Kf2 Be8 18. Rd1 Nf5 19. Qc4
a6 20. a4 Rd5 21. Bd3 f6 22. Bxf5 exf5 23. Rb5 axb5 24. Qxd5 $36 {Lutz,
C-Kortchnoi,V/GER-SWZ Berlin 2002/1-0 (33)}) 16... Bc8 17. Ng5 b6 {[%cal Cg5f7,
Gc8a6] Black achieved everything he wanted from the opening and all his pieces
have occupied ideal positions in this variation.} (17... Rxg5 $6 18. fxg5 Nxe5
19. Qe4 $16) (17... Rg7 18. h4 b6 19. Qb5 Qxb5 20. Rxb5 Bb7 21. h5 d3 22. cxd3
Nd4 23. Bxb7 Kxb7 24. Rb1 Nef5 $132 {Lutz}) 18. Bxc6 (18. Qb5 Qxb5 19. Rxb5 Ba6
20. Rb1 d3 $1 $132) (18. Nxf7 Ba6 19. Qe4 d3 $1 20. Nxd8 d2+ 21. Bxd2 cxd2+ 22.
Kf2 Rxd8 $40) 18... Nxc6 (18... Rxg5 $143 19. Bf3 $5 $14 (19. fxg5 Nxc6 20. Bf4
Ba6 21. Qe4 Ne7 $40)) 19. Nxf7 (19. Rb5 Qa4 {[%cal Rc8a6]}) 19... Ba6 $1 {
[%mdl 128] This is the crucial moment of the game. Even though White is an
exchange up, Black has fantastic play on the light squares.} 20. Nxd8 (20. Qf3
d3 $5 (20... Rd5 $5)) 20... Rxd8 $1 (20... Qd5 $143 21. Nxc6+ Qxc6 22. Qxa6
Qxh1+ 23. Qf1 Qxh2 24. Qf2 Qh1+ $11) 21. Qe4 d3 $3 $19 {It becomes clear that
badly developed White pieces are absolutely useless.} 22. Be3 (22. cxd3 c2+ 23.
Rb4 Nxb4 (23... Qc5 $5) 24. Qxb4 $8 (24. axb4 Qa1 25. Kf2 Bb7 $19) 24... Qd5
25. O-O Qxd3 $19 {[%csl Ga6,Gc2,Gd3,Rg1]}) (22. Qxc6 d2+ 23. Bxd2 cxd2+ 24. Kf2
Bb7 25. Qc4 Qxa3 $5 {[%cal Ra3f3]} (25... Bxh1 26. Rxh1 d1=Q 27. Rxd1 Rxd1 28.
Qxe6 $17) 26. Qb3 Qxb3 27. cxb3 Bxh1 28. Rd1 (28. Rxh1 d1=Q $19) 28... Rd3 29.
Ke2 Be4 $19) 22... dxc2 23. Rc1 (23. Qxc2 Bd3 $19) 23... Qb5 $1 24. Rxc2 (24.
Qf3 Nd4 $1 25. Bxd4 Rxd4 {[%cal Cf3g2,Cd4d1,Rb5b2]}) 24... Bb7 25. Kf2 (25. a4
Qb3) (25. Rg1 Nd4 $1) 25... Nd4 {A glorious finish of the knight march!} 0-1